Häuser bei Game of Thrones - Statistiken

Allgemein
  • Dieses Quiz wurde 1.652 mal gespielt
  • Das Durchschnittsergebnis liegt bei 8 aus 12
Antwortstatistiken
Bildquiz Antwort % Korrekt
Haus Stark
99%
Haus Baratheon
86%
Haus Targaryen
83%
Haus Lennister
77%
Haus Bolton
72%
Haus Graufreud
70%
Haus Tully
67%
Haus Tyrell
65%
Haus Frey
61%
Haus Martell
60%
Haus Arryn
52%
Haus Tarly
29%
Keine übereinstimmenden Quizze gefunden
Verteilung der Resultate
Anzahl Personen mit jedem Resultat
Perzentil nach korrekt beantworteten Fragen
Ihre Resultats-Entwicklung
Sie haben dieses Quiz noch nicht gespielt